[Event "SRB-ch Women Semifinal 2019"]
[Site "Kragujevac"]
[Date "2019.03.14"]
[Round "9.3"]
[White "Bojicic, Andjela"]
[Black "Nestorovic, Katarina"]
[Result "1-0"]
[WhiteElo "2168"]
[BlackElo "2040"]
[Annotator "TA"]
[PlyCount "141"]
[EventDate "2019.03.08"]
[EventType "swiss"]
[EventCountry "SRB"]
[SourceTitle "playchess.com"]
[Source "ChessBase"]
[SourceQuality "1"]

{[%evp 12,141,16,-6,3,0,32,34,39,18,4,0,31,21,45,41,36,29,45,37,68,27,43,0,0,0,16,0,17,0,0,-39,-38,-32,45,28,68,96,101,53,129,32,79,38,38,51,137,-87,-42,-26,-29,-101,-100,-100,-124,-256,-15,-292,-215,-229,-175,-235,-240,-385,-229,-473,-449,-365,-207,-327,-248,-306,-308,-320,-284,-388,-285,-413,-390,-557,-513,-533,-556,-538,-539,-621,-620,-572,-590,-536,-341,-326,-326,-358,-339,-469,-467,-444,-425,-476,-476,-448,-362,-354,-248,-245,-152,-352,-244,-385,-395,-381,-379,-346,-340,-280,0,-383,-374,-406,-411,-429,-418,-735,-726,-693,855,852,1135,1128,1063,1046]} 1. d4 Nf6 2. Nf3 e6 3. Bg5 c5 4. e3 Qb6 5. Qc1 Nc6 6. c3 d5 {A46: 1 d4 Nf6 2 Nf3 e6: Torre, London and Colle Systems} 7. Bd3 {LiveBook: 10 Games} (7. Nbd2 Bd7 8. Bd3 Rc8 9. O-O Be7 10. Qb1 h6 11. Bh4 O-O 12. Ne5 Nxe5 13. dxe5 Ne4 14. Bxe7 Nxd2 15. Qc1 Nxf1 16. Bxf8 Rxf8 17. Bxf1 Bb5 18. Qd2 Qa6 19. Bxb5 Qxb5 {0-1 (51) Sevdimaliyev,U (2397)-Abbasov,F (2531) Nakhchivan 2018}) 7... Bd6 8. O-O h6 $146 {The position is equal.} (8... Nh5 {keeps more tension.} 9. e4 cxd4 10. Nxd4 O-O 11. Be2 Nf6) ({Predecessor:} 8... e5 9. Bxf6 e4 10. dxc5 Bxc5 11. b4 Bd6 12. Bd4 Qc7 13. b5 exf3 14. bxc6 Bxh2+ {1-0 (36) Karagiannis,A (2380)-Vragoteris,A (2336) Ermioni Argolidas 2006}) 9. Bxf6 gxf6 10. dxc5 Bxc5 11. c4 dxc4 12. Bxc4 Bd7 13. Nc3 Be7 14. Rd1 Rc8 15. Qd2 Nb8 16. Bf1 O-O 17. Rac1 Rfd8 18. Bd3 Nc6 19. Qe2 a6 20. Bb1 Be8 21. Qc2 {Intending Qh7+ and mate.} f5 22. e4 Nb4 (22... fxe4 $1 $15 23. Qxe4 Rxd1+ 24. Rxd1 Bf6) 23. Qe2 $14 fxe4 24. Qxe4 {Threatening mate with Qh7+.} f5 25. Qf4 Kg7 (25... Bf8 $14) 26. a3 (26. g4 $16) 26... Nc6 27. Re1 Bf7 28. Qg3+ Kh7 (28... Kf8 $14) 29. Ne5 $2 (29. Qh3 $1 $16 {is forced if you want to stay better.}) 29... Nxe5 30. Qxe5 {And now Bxf5+! would win.} Bg5 31. Rcd1 (31. Rc2 $1 $11) 31... Qxb2 $17 32. Rxd8 Rxd8 33. Qc7 (33. h4 $17 {was necessary.} Bxh4 34. g3) 33... Kg6 $2 ({Black should try} 33... Kg8 $19 34. Qg3 Rd4) 34. Qg3 $2 {[%mdl 8192]} (34. g4 $1 $11 {and White has nothing to worry.}) 34... Qd2 {[%cal Rd2e1]} ({Worse is} 34... Qxa3 35. h4 $11) 35. Rf1 Kh7 $36 {[%mdl 2048] White is under strong pressure.} 36. Qc7 (36. Qf3 {keeps fighting.}) 36... Rd7 $19 37. Qc8 (37. Qg3 $142) 37... Bd8 (37... Bf4 $142 38. Ne4 fxe4 39. Bxe4+ Kg7 40. Bxb7 Rc7) 38. Na2 $2 (38. Ne2) 38... Rc7 39. Qb8 Kg6 (39... Bh5 $142 40. Nb4 Rg7) 40. h4 (40. Nb4 {was worth a try.}) 40... Qd7 41. Nb4 Bxh4 42. Nd3 {Black must now prevent Ne5+.} Bf6 43. Nf4+ Kh7 44. Ne2 (44. Nd5 $142 exd5 45. Bxf5+ $1 {[%mdl 512]} Qxf5 46. Qxc7) 44... Be7 45. Ng3 (45. a4 $142) 45... Bd6 46. Qa7 Bc5 47. Qb8 Bxa3 48. Nxf5 exf5 49. Bxf5+ Qxf5 50. Qxc7 Qd5 51. Qc2+ Bg6 52. Qc7+ Qf7 53. Qb6 Qe7 54. Qa5 Bb4 55. Qa4 a5 56. Rd1 Bf5 57. Qb5 Kg6 58. Qb6+ Be6 59. Qb5 $2 (59. Rd3 $17 {was the only chance.}) 59... Qf7 60. Qd3+ (60. Rd3 $142) 60... Qf5 61. Qg3+ Qg4 {...Qxg3 is the strong threat.} 62. Qd3+ Bf5 63. Qd8 Be6 $2 (63... Qe4 $19 {Hoping for ...Qe6.} 64. Qg8+ Kf6 65. Qh8+ Kf7 66. Qxh6 a4 67. Qh5+ Bg6) 64. Rd4 $2 {[%mdl 8192]} (64. Qd3+ $1 $11 {and White stays safe.} Kg7 65. Qd8) 64... Qf5 65. Rd3 Bc5 66. Rg3+ Kh7 67. Qc7+ {[#]} (67. Qd2 $142 b6 68. Qb2) 67... Bd7 $1 68. Rf3 Qe6 $4 {[%mdl 8192]} (68... Qd5 $19 69. Rf6 Kg7) 69. Qxc5 $18 {White is clearly winning.} b6 70. Qc2+ Kg8 71. Rg3+ {Precision: White = 32%, Black = 38%.} 1-0

[Event "SRB-ch Women Semifinal 2019"]
[Site "Kragujevac"]
[Date "2019.03.14"]
[Round "9.4"]
[White "Drljevic, Ljilja"]
[Black "Grozdanovic, Anastasia"]
[Result "1-0"]
[WhiteElo "2188"]
[BlackElo "1635"]
[Annotator "NA"]
[PlyCount "55"]
[EventDate "2019.03.08"]
[EventType "swiss"]
[EventCountry "SRB"]
[SourceTitle "playchess.com"]
[Source "ChessBase"]
[SourceQuality "1"]
[TimeControl "40/5400+30:1800+30"]

1. b4 d5 2. Bb2 Bf5 3. Nf3 e6 4. a3 Nf6 5. g3 c6 6. Bg2 Be7 7. O-O O-O 8. d3 Nbd7 9. Nbd2 Qc7 10. Nh4 Bg6 11. e4 dxe4 12. Nxg6 hxg6 13. dxe4 Kh7 14. Qe2 Rh8 15. e5 Nd5 16. c4 N5b6 $16 17. f4 Kg8 18. Ne4 a5 19. Nd6 Na4 20. Rad1 Nxb2 21. Qxb2 Bxd6 22. Rxd6 Nb6 23. Qd4 axb4 24. axb4 Ra4 25. f5 Rh6 26. fxe6 fxe6 27. Rd8+ Kh7 28. Rff8 1-0